[Event "34th Chess Olympiad (women)"]
[Site "Istanbul"]
[Date "2000.11.01"]
[Round "5.41.1"]
[White "Al-Gurshi, Buthaina"]
[Black "Mudongo, Boikhutso"]
[WhiteElo "2000"]
[BlackElo "2000"]
[WhiteCountry "YEM"]
[BlackCountry "BOT"]
[Result "0-1"]

1. e4 c5 2. Nf3 d6 3. Nc3 a6 4. Bc4 e6 5. d3 Be7 6. Be3 Nf6 7. d4 cd4 
8. Bd4 Nc6 9. Be3 O-O 10. O-O Bd7 11. Qd2 Qc7 12. a3 Na5 13. Be2 Rac8 
14. b3 Qc3 15. Qc3 Rc3 16. e5 de5 17. Ne5 Rc2 18. Bf3 Rfc8 19. Rfd1 Bc6 
20. b4 Bf3 21. Nf3 Nc4 22. Bd4 h6 23. h3 Nd5 24. Rdb1 Nf4 25. Rb3 Ne2+ 
26. Kf1 Nd4 27. Nd4 Nd2+ 28. Ke1 Nb3 29. Nb3 Bf6 30. Rd1 Rd8 31. Nd4 Rd4 
0-1

[Event "34th Chess Olympiad (women)"]
[Site "Istanbul"]
[Date "2000.11.01"]
[Round "5.41.2"]
[White "Lopang, Tshepiso"]
[Black "Raweh, Adeela"]
[WhiteElo "2000"]
[BlackElo "2000"]
[WhiteCountry "BOT"]
[BlackCountry "YEM"]
[Result "1-0"]

1. e4 c5 2. Nc3 Nc6 3. Nf3 d6 4. d4 Nd4 5. Nd4 cd4 6. Qd4 e5 7. Qd5 a6 
8. Qd1 Nf6 9. Bg5 Be7 10. Bf6 Bf6 11. Bd3 O-O 12. Qe2 Qb6 13. b3 Qc5 
14. Nd5 Bd8 15. O-O f5 16. ef5 Bf5 17. Bc4 Kh8 18. Ne3 Bg6 19. Kh1 Bc7 
20. Nd5 Bd8 21. a4 a5 22. Rae1 Bf7 23. Rd1 Be6 24. f4 Bf6 25. f5 Bd5 
26. Rd5 Qc6 27. Rf3 Qc7 28. Rh3 g5 29. fg6 Rf7 30. gf7 Qf7 31. Ra5 Qf8 
32. Ra8 Qa8 33. Qh5 
1-0

[Event "34th Chess Olympiad (women)"]
[Site "Istanbul"]
[Date "2000.11.01"]
[Round "5.41.3"]
[White "Abdulsalam, Nadhmeia"]
[Black "Sabure, Tuduetso"]
[WhiteElo "2000"]
[BlackElo "2000"]
[WhiteCountry "YEM"]
[BlackCountry "BOT"]
[Result "1-0"]

1. d4 Nf6 2. c4 e6 3. Nc3 b6 4. Bg5 Bb7 5. e4 h5 6. Bf6 gf6 7. Nf3 d5 
8. ed5 ed5 9. Nd5 Bd5 10. cd5 Qd5 11. a3 Bd6 12. Qc2 O-O 13. Be2 c5 14. Rd1 Qb7 
15. O-O Nc6 16. Bc4 cd4 17. Qg6+ Kh8 18. Qf6+ Kh7 19. Qd6 f5 20. Bd5 Rg8 
21. Bc6 Qg7 22. Nh4 Qg4 23. Ba8 Ra8 24. Qd7+ Kh8 25. Qd4+ Kh7 26. Qg4 fg4 
27. Rfe1 Kg7 28. Rd7+ Kf6 29. Red1 a5 30. Rd8 Rd8 31. Rd8 
1-0

[Event "34th Chess Olympiad (women)"]
[Site "Istanbul"]
[Date "2000.11.01"]
[Round "5.42.1"]
[White "Babic, Gail"]
[Black "Mendes, Alves"]
[WhiteElo "2000"]
[BlackElo "2000"]
[WhiteCountry "ISV"]
[BlackCountry "ANG"]
[Result "0-1"]

1. e4 e5 2. Nf3 Nc6 3. Bb5 Bc5 4. O-O Nf6 5. c3 O-O 6. d4 ed4 7. cd4 Bb6 
8. Nc3 d6 9. Bc4 Bg4 10. h3 Bf3 11. Qf3 Bd4 12. Bf4 Re8 13. Rfe1 Ne5 
14. Be5 Be5 15. Re2 Bc3 16. bc3 Qd7 17. Bb3 Re7 18. Rae1 Rae8 19. Bc2 Qb5 
20. Bd3 Qc6 21. c4 Kf8 22. Qf5 Re5 23. Qf4 Nd7 24. Qh4 h6 25. f4 R5e7 
26. Re3 Nc5 27. Bc2 Ne4 28. f5 Qc5 29. Bd3 Nf6 30. R1e2 Re3 
0-1

[Event "34th Chess Olympiad (women)"]
[Site "Istanbul"]
[Date "2000.11.01"]
[Round "5.42.2"]
[White "Afonso, Vieira"]
[Black "Mody, Ila"]
[WhiteElo "2000"]
[BlackElo "2000"]
[WhiteCountry "ANG"]
[BlackCountry "ISV"]
[Result "1-0"]

1. d4 d5 2. c4 c6 3. Nc3 Nf6 4. Nf3 e6 5. e3 Bb4 6. Bd2 O-O 7. Bd3 h6 
8. Qc2 Nbd7 9. O-O b6 10. Nd5 Bd2 11. Nf6+ Nf6 12. Qd2 Bb7 13. Be2 c5 
14. Rfd1 Qc7 15. Qc2 Rad8 16. dc5 Qc5 17. Rac1 Rfe8 18. Qc3 Ne4 19. Qe5 Qc8 
20. Qb5 Nd6 21. Qb4 Ne4 22. b3 Nc5 23. Ne5 Ba8 24. Qc3 Re7 25. Rd8+ Qd8 
26. Rd1 Qc7 27. Qd4 Re8 28. b4 Rd8 29. Qd8+ Qd8 30. Rd8+ Kh7 31. Ra8 
1-0

[Event "34th Chess Olympiad (women)"]
[Site "Istanbul"]
[Date "2000.11.01"]
[Round "5.42.3"]
[White "Oliver, Patricia"]
[Black "Conceicao Venancio, Maria"]
[WhiteElo "2000"]
[BlackElo "2000"]
[WhiteCountry "ISV"]
[BlackCountry "ANG"]
[Result "0-1"]

1. e4 c5 2. Nf3 d6 3. g3 Nc6 4. Bg2 Nf6 5. d3 e6 6. O-O Be7 7. Re1 Qc7 
8. Nbd2 O-O 9. c3 b6 10. Bf1 Bb7 11. h3 Rfe8 12. a3 Nd7 13. b4 cb4 14. ab4 a6 
15. Rb1 Nce5 16. Nd4 d5 17. Bb2 b5 18. f4 Nc6 19. ed5 Nd4 20. cd4 Bd5 
21. Qc2 Qc2 22. Bg2 Qd2 23. f5 Qg2# 
0-1

[Event "34th Chess Olympiad (women)"]
[Site "Istanbul"]
[Date "2000.11.01"]
[Round "5.43.1"]
[White "Zsiltzova-Lisenko, Lubov"]
[Black "Arribas, Maritza"]
[WhiteElo "2273"]
[BlackElo "2300"]
[WhiteCountry "IBSA"]
[BlackCountry "CUB"]
[Result "1/2-1/2"]

1. e4 e6 2. d4 d5 3. e5 c5 4. c3 Nc6 5. Nf3 Bd7 6. a3 Nge7 7. b4 cxd4 
8. cxd4 Rc8 9. Bd3 Nf5 10. Be3 Be7 11. O-O f6 12. Bxf5 exf5 13. Qb3 Be6 
14. Nc3 Kf7 15. exf6 Bxf6 16. Na4 b6 17. Rad1 g5 18. Ne5+ Nxe5 19. dxe5 Bxe5 
20. f4 gxf4 21. Bxf4 Bxf4 22. Rxf4 Qg5 23. Qf3 Rhg8 24. Qf2 Rc2 25. Qxc2 Qxf4 
26. Nb2 Qe3+ 27. Qf2 Qxf2+ 28. Kxf2 Rc8 29. Nd3 Rc3 30. a4 Ra3 31. Ke3 Rxa4 
32. Rc1 Bd7 33. Kd4 Bb5 34. Rc7+ Ke6 35. Rxh7 Bxd3 36. Kxd3 Rxb4 37. Rxa7 Rh4 
38. h3 Kd6 39. Rb7 Kc6 40. Rf7 f4 41. Rf8 b5 42. Rc8+ Kb6 43. Rd8 Kc5 
44. Rc8+ Kb4 45. Rd8 f3 46. gxf3 Rxh3 47. Rxd5 Rxf3+ 48. Kc2 Kc4 49. Rh5 Rf2+ 
50. Kb1 Kb4 51. Rh3 Ka4 52. Rg3 Rf4 53. Rh3 Rb4+ 54. Ka2 Rf4 55. Kb1 b4 
56. Rg3 b3 57. Rg8 
1/2-1/2

[Event "34th Chess Olympiad (women)"]
[Site "Istanbul"]
[Date "2000.11.01"]
[Round "5.43.2"]
[White "Ramon, Vivian"]
[Black "Debowska, Teresa"]
[WhiteElo "2294"]
[BlackElo "2094"]
[WhiteCountry "CUB"]
[BlackCountry "IBSA"]
[Result "1-0"]

1. c4 Nf6 2. Nc3 g6 3. g3 Bg7 4. Bg2 O-O 5. e4 c5 6. Nge2 Nc6 7. d3 Ne8 
8. O-O d6 9. h3 Bd7 10. f4 e6 11. Be3 Nd4 12. Rb1 a5 13. Bf2 Rb8 14. Nd4 cd4 
15. Ne2 e5 16. Qd2 b5 17. cb5 Rb5 18. g4 f5 19. ef5 gf5 20. g5 Nc7 21. h4 Qe8 
22. Rbc1 Ne6 23. Bg3 Nc5 24. Rfe1 Qb8 25. b3 Be6 26. fe5 Be5 27. Nf4 Bf7 
28. h5 Bf4 29. Bf4 Bh5 30. Bc6 Rd8 31. Rc4 Bf7 32. Bb5 Qb5 33. Rd4 Ne6 
34. Ra4 Nf4 35. Rf4 Qd5 36. Qc3 Re8 37. Re8+ Be8 38. Qc4 Qc4 39. dc4 
1-0

[Event "34th Chess Olympiad (women)"]
[Site "Istanbul"]
[Date "2000.11.01"]
[Round "5.43.3"]
[White "Maeckelberg, Mieke"]
[Black "Delgado, Crespo Mairelys"]
[WhiteElo "2000"]
[BlackElo "2207"]
[WhiteCountry "IBSA"]
[BlackCountry "CUB"]
[Result "1/2-1/2"]

1. d4 d5 2. c4 c6 3. cd5 cd5 4. Nc3 Nf6 5. Nf3 Nc6 6. Bf4 a6 7. e3 Bg4 
8. Be2 e6 9. O-O Bd6 10. Bd6 Qd6 11. h3 Bf3 12. Bf3 O-O 13. Rc1 Rac8 
14. a3 Rfd8 15. Qe2 Na5 16. Na4 Nd7 17. Nc5 Nc5 18. dc5 Qe5 19. b4 Nc4 
20. Qa2 a5 21. Be2 ab4 22. Bc4 dc4 23. ab4 b5 24. cb6 Qb5 25. Qa5 Rd5 
26. Ra1 Qc6 27. Qa7 Rd7 28. Qa5 Rb7 29. Rfc1 h6 30. b5 Qb6 31. Qb6 Rb6 
32. Rab1 Rc5 33. Rc3 Rbb5 34. Rb5 Rb5 35. Rc4 
1/2-1/2